书目信息 |
| 题名: |
铁马金戈:战争年代的彭德怀
|
|
| 作者: | 吴纪学 , 曾凡华 著 | |
| 分册: | ||
| 出版信息: | 珠海 珠海出版社 1998.10 |
|
| 页数: | 327页 | |
| 开本: | 32开 | |
| 丛书名: | ||
| 单 册: | ||
| 中图分类: | K827.7 | |
| 科图分类: | ||
| 主题词: | 人物--传记--中国 | |
| 电子资源: | ||
| ISBN: | 7-80607-500-3 | |
| 000 | 00623nam0 2200205 45 | |
| 001 | 0001151441 | |
| 005 | 20001122114035.6 | |
| 010 | @a7-80607-500-3@d19.80元 | |
| 100 | @a20000115d1998 km y0chiy0120 ea | |
| 101 | 0 | @achi |
| 105 | @a z 000yy | |
| 200 | 1 | @a铁马金戈:战争年代的彭德怀@ATie Ma Jin Ge:Zhan Zheng Nian Dai De Peng De Huai@f吴纪学,曾凡华著@FWu Ji Xue,Ceng Fan Hua Zhu |
| 210 | @a珠海@c珠海出版社@d1998.10 | |
| 215 | @a327页@d32开 | |
| 606 | 0 | @a人物@x传记@x中国 |
| 690 | @aK827.7@v3 | |
| 701 | 0 | @a吴纪学@4著 |
| 701 | 0 | @a曾凡华@4著 |
| 801 | @aCN@bPftUser@c20000115 | |
| 905 | @dK827.7@eW889@b500701-703@f3 | |
| 铁马金戈:战争年代的彭德怀/吴纪学,曾凡华著.-珠海:珠海出版社,1998.10 |
| 327页;32开 |
| ISBN 7-80607-500-3:19.80元 |
| ● |
| 相关链接 |
|
|
|
正题名:铁马金戈:战争年代的彭德怀
索取号:K827.7/W889
 
预约/预借
| 序号 | 登录号 | 条形码 | 馆藏地/架位号 | 状态 | 备注 |
| 1 | 500701 | 205007017 | 社科库309/309社科库 59排6列6层/ [索取号:K827.7/W889] | 在馆 | |
| 2 | 500702 | 205007026 | 社科库309/309社科库 59排6列6层/ [索取号:K827.7/W889] | 在馆 | |
| 3 | 500703 | 205007035 | 社科库309/309社科库 59排6列6层/ [索取号:K827.7/W889] | 在馆 |